000 01547nam a2200181Ia 4500
008 220216s9999 xx 000 0 und d
100 _aDayang Habibah Abang Ismawi Hassim
_cet al
245 0 _aUse of reclaimed nitrile rubber gloves as partial replacement of virgin nitrile butadiene rubber in thermoplastic vulcanisates
260 _bJournal of Rubber Research
_c2011
300 _a78-88
500 _aSource Year: 2011
520 _aRecycled gloves can be used as a cheapener to make conventional rubber products. In this study, the feasibility of reclaimed NBR gloves (r-NBRG) in thermoplastic vulcanisates (TPVs) based on nitrile butadiene rubber (NBR) and polypropylene (PP) blend using the injection moulding process was investigated. The NBR based TPV obtained from this process has many advantages compared to conventional rubber products. Among the outstanding advantages are the ability of TPV to be recycled easily and the higher value-added products obtained from TPV as compared to vulcanised rubber products. This paper describe the effect of r-NBRG as a partial replacement for virgin NBR on the properties of the TPV system. The curing systems selected were based on the sulphur-accelerated curing system and peroxide curing system. The results indicate potential reduction in production costs with the possible replacement of up to 70 p.p.h.r virgin NBR with r-NBRG in the TPV systems.
650 _aBlends
650 _aNitrile rubber gloves
650 _aReclaimed
650 _aThermoplastic vulcanisates
942 _cJS
999 _c71921
_d71921